000 00250nam a2200097Ia 4500
008 120527s9999 xx 000 0 und d
100 _aN.I.A
245 _aThe Nigerian institute of Architect constitution and Bye-laws.
260 _bN.I.A
942 _cBK
999 _c24181
_d24181